Mensagem (Record no. 12588)

MARC details
000 -LEADER
campo de control de longitud fija 00924nam a2200277 i 4500
001 - NÚMERO DE CONTROL
campo de control 12588
003 - IDENTIFICADOR DE NÚMERO DE CONTROL
campo de control ES-MaACL
005 - FECHA Y HORA DE LA ÚLTIMA TRANSACCIÓN
campo de control 20240426111130.0
007 - CAMPO FIJO DE DESCRIPCIÓN FÍSICA--INFORMACIÓN GENERAL
campo de control de longitud fija t|
008 - DATOS DE LONGITUD FIJA--INFORMACIÓN GENERAL
campo de control de longitud fija 940627s1993 sp |||| | por j
020 ## - NÚMERO INTERNACIONAL ESTÁNDAR DEL LIBRO
Número Internacional Estándar del Libro 84-88344-04-X
080 ## - NÚMERO DE LA CLASIFICACIÓN DECIMAL UNIVERSAL
Número de la Clasificación Decimal Universal 869.0 Pessoa, Fernando 7 Mensagem.06
100 1# - ENTRADA PRINCIPAL--NOMBRE DE PERSONA
Nombre de persona Pessoa, Fernando,
Fechas asociadas al nombre 1888-1935
9 (RLIN) 91451
245 10 - MENCIÓN DEL TÍTULO
Título Mensagem
Resto del título ; Poemas esotéricos /
Mención de responsabilidad, etc. Fernando Pessoa ; ediçâo crítica, José Augusto Seabra, coordenador.
246 30 - FORMA VARIANTE DEL TITULO
Título propio/Titulo breve Poemas esotéricos
250 ## - MENCION DE EDICION
Mención de edición 1ª ed.
260 ## - PUBLICACIÓN, DISTRIBUCIÓN, ETC.
Lugar de publicación, distribución, etc. [Madrid] :
Nombre del editor, distribuidor, etc. ALLCA XX,
Fecha de publicación, distribución, etc. 1993.
300 ## - DESCRIPCIÓN FÍSICA
Extensión LIII, 541 p. :
Otras características físicas 1 retr. ;
Dimensiones 25 cm.
490 1# - MENCIÓN DE SERIE
Mención de serie Colección Archivos ;
Designación de volumen o secuencia 28
500 ## - NOTA GENERAL
Nota general Bibliografía: p. 473-541.
600 14 - PUNTO DE ACCESO ADICIONAL DE MATERIA--NOMBRE DE PERSONA
Nombre de persona Pessoa, Fernando,
Fechas asociadas al nombre 1888-1935
9 (RLIN) 91451
700 1# - ENTRADA AGREGADA--NOMBRE PERSONAL
Nombre de persona Seabra, José Augusto.
9 (RLIN) 104978
830 0# - PUNTO DE ACCESO ADICIONAL DE SERIE-TÍTULO UNIFORME
Título uniforme Colección Archivos ;
Designación de volumen o secuencia 28
9 (RLIN) 178295
852 ## - LOCALIZACIÓN
Ubicación ES-MaACL
Número de control de estantería L-19842
Holdings
Estatus retirado Estado de pérdida Estado de daño No para préstamo Biblioteca de origen Biblioteca actual Ubicación en estantería Fecha de adquisición Fuente de adquisición Total de préstamos Signatura topográfica completa Código de barras Visto por última vez Precio de reemplazo Tipo de ítem Koha
        Biblioteca del Ateneo de Madrid Biblioteca del Ateneo de Madrid Depósito 2 17/01/2008     L-19842 1012824 23/02/2023 23/02/2023 Libro impreso